000
00398nam a22001697a 4500
003
MPLRDC
005
20220104144126.0
008
210129b ||||| |||| 00| 0 eng d
082
_a
868.71 FBF-3
100
_a
方北方
245
_a
火在那里烧
_c
250
_a
初版
260
_a
_b
东方文艺出版社
_c
1976
300
_b
平
650
_a
马华文学
942
_c
BK
_o
868.71 FBF-3
999
_c
46603
_d
46593